000
00306nam a2200109Ia 4500
008
201231s9999 xx 000 0 und d
100
_a
Ghezzi, Carlo, Jazayeri, Mehdi and Mandrioli, Dino
245
0
_a
Fundamentals of Software Engineering
260
_a
New Delhi
_b
Prentice-Hall
300
_a
573
942
_c
BK
999
_c
9784
_d
9784